|
|
|
|
| LEADER |
00000nam a22000007a 4500 |
| 005 |
20151013115448.0 |
| 007 |
cr|||| ||u| |
| 008 |
151013s2009 mx ||||| |||| 00||0 spa d |
| 020 |
|
|
|a 978-607-16-0081-3
|
| 035 |
|
|
|a 12854
|
| 040 |
|
|
|a vLex
|
| 090 |
|
|
|c 5584
|d 5584
|
| 100 |
1 |
|
|a Cr̤dova Vianello, Lorenzo
|
| 245 |
1 |
0 |
|a Derecho y poder
|h [Recurso electrn̤ico] /
|c Lorenzo Cr̤dova Vianello
|
| 256 |
|
|
|a Servicio en ln̕ea
|
| 260 |
|
|
|a Mx̌ico
|b Fondo de cultura econm̤ica
|c 2009
|
| 300 |
|
|
|a 1 recurso electrn̤ico
|
| 506 |
|
|
|a Contenido solo disponible en los productos indicados
|d vLex Global
|d vLex Global (Academic Edition, excluding Law Schools)
|d vLex Global (U.S. Academic Edition, Law Schools)
|d vLex Global (U.S. Academic Edition, excluding Law Schools)
|d vLex Global (Academic Edition, Law Schools)
|
| 650 |
0 |
4 |
|a Derecho
|z Mx̌ico
|
| 740 |
0 |
|
|a vLex libro (servicio en ln̕ea)
|
| 856 |
|
|
|u http://vlex.com/source/derecho-poder-11077
|z Acceso restringido
|
| 942 |
|
|
|c BOOK
|
| 999 |
0 |
|
|a Law
|